Hegedüs Lajos folyó hó 15-én rövid szenvedés után 23 éves korában Budapesten elhunyt
Elmentve itt :
| Dokumentumtípus: | Cikk |
|---|---|
| Megjelent: |
1933-08-26
|
| Sorozat: | Délmagyarország
9 No. 193 |
| Kulcsszavak: | Hegedüs Lajos, Gyászjelentés Szeged 1933, Halálozás Budapest 1933 |
| Online Access: | http://dmarchiv.bibl.u-szeged.hu/39599 |
| LEADER | 00522nab a2200145 i 4500 | ||
|---|---|---|---|
| 001 | delm39599 | ||
| 005 | 20180927130049.0 | ||
| 008 | 180927s1933 hu o 0|| hun d | ||
| 040 | |a SZTE Délmagyarország Archívum |b hun | ||
| 041 | |a hun | ||
| 245 | 0 | 0 | |a Hegedüs Lajos |h [elektronikus dokumentum] : |b folyó hó 15-én rövid szenvedés után 23 éves korában Budapesten elhunyt |
| 260 | |c 1933-08-26 | ||
| 300 | |a 2 | ||
| 490 | 0 | |a Délmagyarország |v 9 No. 193 | |
| 695 | |a Hegedüs Lajos, Gyászjelentés Szeged 1933, Halálozás Budapest 1933 | ||